[Event "Chigorin Memorial (1800-2200, 30+3)"]
[Site "SchemingMind.com"]
[Date "2008.12.20"]
[Round "-"]
[White "Zerstörer"]
[Black "Tschigorin"]
[Result "0-1"]
[WhiteCountry "ITA"]
[BlackCountry "GER"]
[WhiteElo "2044"]
[WhiteRD "83"]
[BlackElo "2245"]
[BlackRD "94"]
[GameID "183691"]

1. Nf3 d6 2. d4 Nf6 3. c4 c5 4. Nc3 cxd4 5. Nxd4 e6 6. Bg5 Be7 7. e3 O-O 8. Be2 a6 9. O-O Qc7 10. Qc2 b6
11. Bf3 Bb7 12. Bxb7 Qxb7 13. Bxf6 Bxf6 14. Qe4 Ra7 15. Rfd1 Qc7 16. Rac1 Qc8 17. Nde2 Rd8 18. b3 Nc6 19. Rd2 Rad7 20. Rcd1 Na5
21. Qc2 Nb7 22. Ne4= Be7 23. Nd4 Rc7 24. Qb2 Rf8 25. Nf3 f5 26. Nc3 Bf6 27. Qc1 b5 28. Rc2 d5 29. Nd4 dxc4 30. bxc4 Rxc4
31. Nce2 Na5 32. Rxc4 Nxc4 33. Nf4 e5
0-1

[Event "Chigorin Memorial (1800-2200, 30+3)"]
[Site "SchemingMind.com"]
[Date "2008.12.20"]
[Round "-"]
[White "Tschigorin"]
[Black "Zerstörer"]
[Result "1-0"]
[WhiteCountry "GER"]
[BlackCountry "ITA"]
[WhiteElo "2240"]
[WhiteRD "96"]
[BlackElo "2018"]
[BlackRD "88"]
[GameID "183692"]

1. e4 c6 2. d4 d5 3. e5 Bf5 4. Be2 e6 5. Nd2 Nd7 6. Ngf3 h6 7. O-O Rc8 8. Nb3 c5 9. dxc5 a6 10. Nbd4 Bh7
11. b4 Ne7 12. Re1 Qc7 13. Bb2 Nc6 14. a3 Be7 15. c4 Be4 16. Nxc6 Qxc6 17. Nd4 Qc7 18. f3 Bg6 19. cxd5 exd5 20. e6
1-0

[Event "Chigorin Memorial (1800-2200, 30+3)"]
[Site "SchemingMind.com"]
[Date "2008.12.21"]
[Round "-"]
[White "Zagloba"]
[Black "Tschigorin"]
[Result "0-1"]
[WhiteCountry "POL"]
[BlackCountry "GER"]
[WhiteElo "1881"]
[WhiteRD "80"]
[BlackElo "2221"]
[BlackRD "95"]
[GameID "183836"]

1. e4 e6 2. d4 d5 3. Nc3 Nf6 4. e5 Nfd7 5. Nce2 c5 6. c3 Nc6 7. f4 b5 8. a3 Be7 9. Nf3 O-O 10. g4 f6
11. Ng3 Rb8 12. Bd3 cxd4 13. cxd4 fxe5 14. fxe5 b4 15. O-O Qb6 16. Kh1 bxa3 17. bxa3 Qb3 18. Qe2 Qa4 19. Nf5 exf5 20. gxf5 Nxd4
21. Nxd4 Qxd4 22. f6 Nxe5 23. fxe7 Rxf1+ 24. Qxf1 Bg4 25. Rb1 Ra8
0-1

[Event "Chigorin Memorial (1800-2200, 30+3)"]
[Site "SchemingMind.com"]
[Date "2008.12.16"]
[Round "-"]
[White "Zagloba"]
[Black "Zerstörer"]
[Result "0-1"]
[WhiteCountry "POL"]
[BlackCountry "ITA"]
[WhiteElo "1847"]
[WhiteRD "75"]
[BlackElo "2018"]
[BlackRD "88"]
[GameID "183837"]

1. e4 c6 2. Nf3 d5 3. Nc3 dxe4 4. Nxe4 Bf5 5. Ng3 Bg6 6. h4 h6 7. Ne5 Bh7 8. Qh5 g6 9. Bc4 e6 10. Qe2 Qe7
11. d4 Nf6 12. Bd2 Nbd7 13. O-O-O Nb6 14. Bb3 Bg7 15. Rhe1 Nbd5 16. c4 Nb6 17. c5 Nbd5 18. Nc4 O-O 19. Bc2 Ne8 20. h5 g5
21. Bxh7+ Kxh7 22. Kb1 Qc7 23. Qf3 Rd8 24. Ne4 Ndf6 25. Ng3 Rxd4 26. Bc3 Rxd1+ 27. Rxd1 Nd5 28. Bxg7 Kxg7 29. Ne4 Qf4 30. Qd3 f5
31. g3 fxe4
0-1

[Event "Chigorin Memorial (1800-2200, 30+3)"]
[Site "SchemingMind.com"]
[Date "2008.12.21"]
[Round "-"]
[White "Tschigorin"]
[Black "Zagloba"]
[Result "1-0"]
[WhiteCountry "GER"]
[BlackCountry "POL"]
[WhiteElo "2221"]
[WhiteRD "95"]
[BlackElo "1881"]
[BlackRD "80"]
[GameID "183838"]

1. e4 e5 2. Bc4 Nf6 3. Qe2 Bc5 4. Nf3 Nc6 5. c3 O-O 6. b4 Bb6 7. O-O d6 8. d3 h6 9. Nbd2 Kh7 10. Bb3 Bg4
11. h3 Bh5 12. Rd1 Nd7 13. Nf1 Bxf3 14. Qxf3 Qf6 15. Qe2 Nd8 16. Ne3 Bxe3 17. Bxe3 Ne6 18. d4 Kh8 19. Rd2 Qg6 20. Qb5 Nf6
21. dxe5 c6 22. Qxb7
1-0

[Event "Chigorin Memorial (1800-2200, 30+3)"]
[Site "SchemingMind.com"]
[Date "2008.12.17"]
[Round "-"]
[White "Zerstörer"]
[Black "Zagloba"]
[Result "0-1"]
[WhiteCountry "ITA"]
[BlackCountry "POL"]
[WhiteElo "2018"]
[WhiteRD "88"]
[BlackElo "1847"]
[BlackRD "75"]
[GameID "183839"]

1. e4 c6 2. d4 d5 3. Nc3 dxe4 4. Nxe4 Nf6 5. Nxf6+ gxf6 6. c3 Bf5 7. Nf3 Qc7 8. Bd3 Bg4 9. O-O Nd7 10. Re1 O-O-O
11. Be2 e6 12. h3 h5 13. Nh2 Bxe2 14. Qxe2 Bd6 15. Nf3 Rdg8 16. a4 h4 17. Qd3 f5 18. Be3 Kb8 19. b4 Nf6 20. b5 Ne4
21. c4 f6 22. Reb1 c5 23. a5 Qg7 24. Ne1 Rd8 25. Qc2 cxd4 26. Bxd4 Bf4 27. Rd1 e5 28. Bc3 Rdg8 29. Bb4 Rh6 30. a6 Rg6
31. f3 Be3+ 32. Kh2 Rg3 33. fxe4 Rxh3+ 34. Kxh3 Qg3#
0-1

[Event "Chigorin Memorial (1800-2200, 30+3)"]
[Site "SchemingMind.com"]
[Date "2008.12.17"]
[Round "-"]
[White "Cruyce"]
[Black "Zagloba"]
[Result "0-1"]
[WhiteCountry "BEL"]
[BlackCountry "POL"]
[WhiteElo "1755"]
[WhiteRD "69"]
[BlackElo "1915"]
[BlackRD "82"]
[GameID "184028"]

1. d4 d5 2. c4 c6 3. Nf3 Nf6 4. e3 g6 5. Nc3 Bg7 6. Be2 O-O 7. O-O Bg4 8. cxd5 Nxd5 9. Qb3 Qd7 10. Bd2 Nxc3
11. bxc3 Na6 12. Rfd1 e5 13. Rab1 e4 14. Qxb7 Qxb7 15. Rxb7 Nb8 16. Rdb1 exf3 17. gxf3 Be6 18. c4 Nd7 19. d5 cxd5 20. cxd5 Bxd5
21. Rxd7 Bxa2 22. Rbb7 a5 23. Ra7 a4 24. Bb5 Bb3 25. Bc6 Rxa7 26. Rxa7 Rd8
0-1

[Event "Chigorin Memorial (1800-2200, 30+3)"]
[Site "SchemingMind.com"]
[Date "2008.12.17"]
[Round "-"]
[White "Cruyce"]
[Black "Zerstörer"]
[Result "0-1"]
[WhiteCountry "BEL"]
[BlackCountry "ITA"]
[WhiteElo "1755"]
[WhiteRD "69"]
[BlackElo "2041"]
[BlackRD "87"]
[GameID "184029"]

1. d4 Nf6 2. c4 g6 3. Nf3 Bg7 4. g3 d5 5. cxd5 Nxd5 6. Bg2 Nb6 7. O-O O-O 8. Nc3 Nc6 9. d5 Na5 10. e4 e6
11. Bg5 f6
0-1

[Event "Chigorin Memorial (1800-2200, 30+3)"]
[Site "SchemingMind.com"]
[Date "2008.12.18"]
[Round "-"]
[White "Zagloba"]
[Black "Cruyce"]
[Result "1-0"]
[WhiteCountry "POL"]
[BlackCountry "BEL"]
[WhiteElo "1915"]
[WhiteRD "82"]
[BlackElo "1755"]
[BlackRD "69"]
[GameID "184031"]

1. e4 e5 2. Nf3 Nc6 3. Bb5 a6 4. Ba4 Nf6 5. O-O Be7 6. Re1 b5 7. Bb3 d6 8. c3 O-O 9. d3 Bg4 10. Nbd2 Na5
11. Bc2 c5 12. Nf1 Nc6 13. Ng3 Re8 14. h3 Be6 15. d4 cxd4 16. cxd4 exd4 17. Nxd4 Nxd4 18. Qxd4 Rc8 19. Bb3 d5 20. e5 Bc5
21. Qd3 Nd7 22. Bxd5 Bxf2+ 23. Kxf2 Nc5 24. Qe2 Qxd5 25. Rd1 Qb7 26. b4 Na4 27. Qf3= Rc2+ 28. Ne2 Qxf3+ 29. Kxf3 Bc4 30. Nd4=
1-0

[Event "Chigorin Memorial (1800-2200, 30+3)"]
[Site "SchemingMind.com"]
[Date "2008.12.18"]
[Round "-"]
[White "Zerstörer"]
[Black "Cruyce"]
[Result "1-0"]
[WhiteCountry "ITA"]
[BlackCountry "BEL"]
[WhiteElo "2041"]
[WhiteRD "87"]
[BlackElo "1755"]
[BlackRD "69"]
[GameID "184032"]

1. e4 e5 2. Nf3 Nc6 3. Bb5 a6 4. Bxc6 dxc6 5. O-O Be7 6. Nxe5 Qd4 7. Nf3 Qxe4 8. Re1 Qg6 9. Ne5 Qd6 10. d3 Nf6
11. Qe2 Be6 12. Nd2
1-0

[Event "Chigorin Memorial (1800-2200, 30+3)"]
[Site "SchemingMind.com"]
[Date "2008.12.23"]
[Round "-"]
[White "riverriver"]
[Black "Tschigorin"]
[Result "0-1"]
[WhiteCountry "USA"]
[BlackCountry "GER"]
[WhiteElo "1830"]
[WhiteRD "68"]
[BlackElo "2249"]
[BlackRD "95"]
[GameID "184149"]

1. d4 Nf6 2. c4 d6 3. Nf3 c5 4. Nc3 cxd4 5. Qxd4 e6 6. Nb5 Nc6 7. Qf4 Be7 8. e4 a6 9. Nc3 Qc7 10. Nd2 Nb4
11. Rb1 O-O 12. Nb3 Nc2+ 13. Kd1 Nb4 14. a3 Nc6 15. Bd3 Ne5 16. Qg3 Rd8 17. Bh6 Ne8 18. Be2 Nxc4 19. Rc1 Nxb2+ 20. Ke1 Qb6
21. Nd2 Bf6 22. Bh5 Bd7 23. Nf3 Nd3+ 24. Ke2 Nxc1+ 25. Bxc1 Rac8 26. Bg5 Qb2+ 27. Bd2 Rxc3 28. Re1 Bb5+ 29. Kd1 Qb3#
0-1

[Event "Chigorin Memorial (1800-2200, 30+3)"]
[Site "SchemingMind.com"]
[Date "2008.12.21"]
[Round "-"]
[White "riverriver"]
[Black "Cruyce"]
[Result "1-0"]
[WhiteCountry "USA"]
[BlackCountry "BEL"]
[WhiteElo "1955"]
[WhiteRD "76"]
[BlackElo "1755"]
[BlackRD "69"]
[GameID "184150"]

1. d4 f5 2. c4 Nf6 3. Nc3 d6 4. Bg5 Nbd7 5. e3 g6 6. Nf3 Bg7 7. Bd3 O-O 8. O-O c6 9. b4 e5 10. Be2 Qe7
11. h3 h6 12. Bxf6 Nxf6 13. Nh4
1-0

[Event "Chigorin Memorial (1800-2200, 30+3)"]
[Site "SchemingMind.com"]
[Date "2008.12.22"]
[Round "-"]
[White "riverriver"]
[Black "Zagloba"]
[Result "1-0"]
[WhiteCountry "USA"]
[BlackCountry "POL"]
[WhiteElo "1881"]
[WhiteRD "72"]
[BlackElo "1819"]
[BlackRD "75"]
[GameID "184151"]

1. d4 g6 2. e4 Bg7 3. c4 d6 4. Nc3 a6 5. Nf3 c6 6. Bd3 Bg4 7. O-O Bxf3 8. Qxf3 Bxd4 9. Ne2 Bg7 10. Rd1 e6
11. Bc2 Qc7 12. Bf4 e5 13. Bg5 h6 14. Bc1 Nd7 15. b4 Ne7 16. Qd3 Nc8 17. Be3 O-O 18. c5 d5 19. exd5 cxd5 20. Qxd5 Nf6
21. Qf3 e4 22. Qh3 Re8 23. Ba4 Re6 24. Bb3 Re5 25. Bf4 Nh5 26. Bxe5 Bxe5 27. Rd7 Bxh2+ 28. Kh1 Qe5 29. Rd8+ Kg7 30. Qd7 Qxa1+
31. Kxh2 Qe5+ 32. Ng3
1-0

[Event "Chigorin Memorial (1800-2200, 30+3)"]
[Site "SchemingMind.com"]
[Date "2008.12.21"]
[Round "-"]
[White "riverriver"]
[Black "Zerstörer"]
[Result "0-1"]
[WhiteCountry "USA"]
[BlackCountry "ITA"]
[WhiteElo "1700"]
[WhiteRD "63"]
[BlackElo "2048"]
[BlackRD "84"]
[GameID "184152"]

1. d4 Nf6 2. c4 g6 3. Nc3 d5 4. cxd5 Nxd5 5. e4 Nxc3 6. bxc3 Bg7 7. Bc4 c5 8. Nf3 O-O 9. O-O Nc6 10. Rb1 cxd4
11. cxd4 Bg4 12. d5 Ne5 13. Be2 Nxf3+ 14. Bxf3 Bxf3 15. Qxf3 b6 16. Bb2 Bxb2 17. Rxb2 Rc8 18. Qa3 Qd7 19. f3 Rc5 20. h3 Rfc8
21. g4 Qc7 22. Rff2 Qg3+ 23. Kf1 Rc1+ 24. Ke2 R1c2+ 25. Rxc2 Rxc2+ 26. Ke3 Qxf2+
0-1

[Event "Chigorin Memorial (1800-2200, 30+3)"]
[Site "SchemingMind.com"]
[Date "2008.12.23"]
[Round "-"]
[White "Tschigorin"]
[Black "riverriver"]
[Result "1-0"]
[WhiteCountry "GER"]
[BlackCountry "USA"]
[WhiteElo "2249"]
[WhiteRD "95"]
[BlackElo "1830"]
[BlackRD "68"]
[GameID "184153"]

1. e4 e5 2. Bc4 Nf6 3. Qe2 Bc5 4. Nf3 d6 5. O-O h6 6. c3 O-O 7. d4 exd4 8. cxd4 Bb6 9. Nc3 Re8 10. Bb3 Nc6
11. Ba4 Bf5 12. d5 Nxe4 13. Qd1 Nxc3 14. bxc3 Ne5 15. Bxe8 Qxe8 16. Nd4 Bxd4 17. Qxd4 Bd3 18. Rd1 Qb5 19. f4 Be2 20. fxe5 dxe5
21. Qd2 Bxd1 22. Qxd1 Qc5+ 23. Kh1 Qxc3 24. Rb1 b6 25. Bb2 Qa5 26. Bxe5 Qxa2 27. Bxc7 Rc8 28. d6 Qc4 29. Rc1 Qb5 30. d7 Rxc7
31. d8=Q+
1-0

[Event "Chigorin Memorial (1800-2200, 30+3)"]
[Site "SchemingMind.com"]
[Date "2008.12.21"]
[Round "-"]
[White "Cruyce"]
[Black "riverriver"]
[Result "0-1"]
[WhiteCountry "BEL"]
[BlackCountry "USA"]
[WhiteElo "1755"]
[WhiteRD "69"]
[BlackElo "1955"]
[BlackRD "76"]
[GameID "184154"]

1. d4 d5 2. c4 e6 3. Nf3 c6 4. e3 f5 5. Bd3 Nf6 6. O-O Bd6 7. b3 Qe7 8. Bb2 O-O 9. Qc1 b6 10. Ba3 c5
11. cxd5 exd5 12. Nbd2 Ba6 13. Bxa6 Nxa6
0-1

[Event "Chigorin Memorial (1800-2200, 30+3)"]
[Site "SchemingMind.com"]
[Date "2008.12.21"]
[Round "-"]
[White "Zagloba"]
[Black "riverriver"]
[Result "0-1"]
[WhiteCountry "POL"]
[BlackCountry "USA"]
[WhiteElo "1881"]
[WhiteRD "80"]
[BlackElo "1980"]
[BlackRD "77"]
[GameID "184155"]

1. e4 e5 2. Nf3 Nc6 3. Bb5 a6 4. Ba4 Nf6 5. O-O Be7 6. Qe2 b5 7. Bb3 O-O 8. c3 d6 9. d4 Bg4 10. Rd1 exd4
11. cxd4 d5 12. e5 Ne4 13. a4 b4 14. a5 Kh8 15. Be3 Qd7 16. Ba4 Qe6 17. Rc1 Nxa5 18. Rxc7 Bd8 19. Rc2 Nc4 20. h3 Bf5
21. Bb5 Qg6 22. Kh2 Ng3 23. fxg3 Bxc2
0-1

[Event "Chigorin Memorial (1800-2200, 30+3)"]
[Site "SchemingMind.com"]
[Date "2008.12.21"]
[Round "-"]
[White "Zerstörer"]
[Black "riverriver"]
[Result "1-0"]
[WhiteCountry "ITA"]
[BlackCountry "USA"]
[WhiteElo "2047"]
[WhiteRD "82"]
[BlackElo "1700"]
[BlackRD "71"]
[GameID "184156"]

1. e4 e5 2. Nf3 Nc6 3. Bb5 a6 4. Bxc6 dxc6 5. O-O Qd6 6. Na3 Be6 7. Qe2 O-O-O 8. Nc4 Qc5 9. d3 Bxc4 10. dxc4 Nf6
11. Bg5 Kb8 12. a3 h6 13. Bxf6 gxf6 14. b4 Qe7 15. Rfd1 Bg7 16. Nh4 Rxd1+ 17. Rxd1 Rd8 18. Nf5 Rxd1+ 19. Qxd1 Qf8 20. Qd2 Ka7
21. Qd7 Kb8 22. c5 Qg8 23. h4 Qf8 24. f3 h5 25. Kh2 Bh6 26. Nxh6 Qxh6 27. Qxf7 Qf4+ 28. Kh3 Qh6 29. c3 Qh8 30. Qg6 b6
31. cxb6 cxb6 32. g4 hxg4+ 33. Kxg4 b5 34. h5 Qc8+ 35. Kh4 Qd8 36. h6 f5+ 37. Qg5 Qh8 38. exf5 Kc8 39. f6 Kd8 40. Qg7 Qe8
41. Qe7+ Qxe7 42. fxe7+ Kxe7 43. h7
1-0

[Event "Chigorin Memorial (1800-2200, 30+3)"]
[Site "SchemingMind.com"]
[Date "2008.12.23"]
[Round "-"]
[White "adamsrichg"]
[Black "Tschigorin"]
[Result "0-1"]
[WhiteCountry "USA"]
[BlackCountry "GER"]
[WhiteElo "1907"]
[WhiteRD "72"]
[BlackElo "2240"]
[BlackRD "96"]
[GameID "184209"]

1. e4 e6 2. d4 d5 3. Nd2 f5 4. exf5 exf5 5. Ngf3 Nf6 6. Ne5 Be7 7. Bd3 O-O 8. Ndf3 Nc6 9. O-O Ne4 10. Bf4 g5
11. Nxc6 bxc6 12. Be5 Rb8 13. Rb1 Be6 14. Nd2 Bf6 15. Bxf6 Qxf6 16. c3 c5 17. dxc5 Nxc5 18. Bc2 Nd7 19. Nf3 c5 20. Re1 Rb6
21. Qe2 Rfb8 22. Ba4 Nf8 23. b3 g4 24. Ne5 c4 25. f4 h5 26. Qe3 h4 27. Nc6 R8b7 28. Nd4 Bd7 29. Bxd7 Nxd7 30. b4 Nc5
31. Qe8+ Kg7 32. Qh5 Ne4 33. Nxf5+ Kf8 34. Nd4 g3 35. Re3 gxh2+
0-1

[Event "Chigorin Memorial (1800-2200, 30+3)"]
[Site "SchemingMind.com"]
[Date "2008.12.21"]
[Round "-"]
[White "adamsrichg"]
[Black "riverriver"]
[Result "1-0"]
[WhiteCountry "USA"]
[BlackCountry "USA"]
[WhiteElo "1889"]
[WhiteRD "78"]
[BlackElo "1700"]
[BlackRD "63"]
[GameID "184210"]

1. e4 e5 2. Nf3 Nc6 3. Bb5 a6 4. Bxc6 dxc6 5. O-O Qd6 6. Na3 Be6 7. Qe2 Be7 8. Nc4 Qc5 9. Ne3 O-O-O 10. d3 g6
11. Bd2 f6 12. Bc3 Kb8 13. Rad1 Nh6 14. a3 Qb5 15. Ra1 c5 16. Rab1 Qc6 17. b4 g5 18. Nd2 Rhe8 19. Nb3 cxb4 20. Bxb4 Bxb4
21. axb4 f5 22. exf5 Nxf5 23. Nc5 h6 24. Nxe6 Nxe3 25. Qxe3 Qxe6 26. b5 a5 27. b6 cxb6 28. Rxb6 Rd6 29. Rfb1 Rxb6 30. Rxb6 Qa2
31. Qc1 Re6 32. Rb2 Qd5 33. Qb1 e4 34. Rb5 Qc6 35. d4 b6 36. d5 Qxb5 37. Qxb5 Rd6 38. Qe8+ Kc7 39. Qxe4 Kd7 40. c4 Kc7
41. g3 h5 42. Qh7+ Kd8 43. Qxh5 a4 44. Qxg5+ Kc7 45. Qe3 Rd8 46. Qe7+ Rd7 47. Qa3 b5 48. cxb5 Rxd5 49. Qxa4
1-0

[Event "Chigorin Memorial (1800-2200, 30+3)"]
[Site "SchemingMind.com"]
[Date "2008.12.19"]
[Round "-"]
[White "adamsrichg"]
[Black "Cruyce"]
[Result "1-0"]
[WhiteCountry "USA"]
[BlackCountry "BEL"]
[WhiteElo "1901"]
[WhiteRD "73"]
[BlackElo "1755"]
[BlackRD "69"]
[GameID "184211"]

1. e4 e5 2. Nf3 Nc6 3. Bb5 a6 4. Bxc6 dxc6 5. O-O Be7 6. d3 Bf6 7. Nbd2 Ne7 8. b3 O-O 9. Bb2 Ng6 10. Nc4 Re8
11. Re1 c5 12. Qe2 b6 13. Rad1 Bb7 14. Ne3 Qd7 15. h3 Rad8 16. Ng4 Qd6 17. Nxf6+ Qxf6 18. Qe3 Qe7 19. Bc1 f6 20. Nh2 Nf4
21. Qg3 Ne6 22. Ng4 Kh8 23. Rf1 Rd7 24. Ne3 Qf7 25. Nf5 Nd4 26. Nxd4 cxd4 27. f4
1-0

[Event "Chigorin Memorial (1800-2200, 30+3)"]
[Site "SchemingMind.com"]
[Date "2008.12.19"]
[Round "-"]
[White "adamsrichg"]
[Black "Zagloba"]
[Result "1/2-1/2"]
[WhiteCountry "USA"]
[BlackCountry "POL"]
[WhiteElo "1911"]
[WhiteRD "71"]
[BlackElo "1885"]
[BlackRD "81"]
[GameID "184212"]

1. e4 g6 2. d4 Bg7 3. Nc3 d6 4. Nf3 Nd7 5. Be3 a6 6. a4 b6 7. Be2 Bb7 8. O-O e6 9. Qd2 h6 10. Rad1 Ne7
11. b4 Kf8 12. e5 Qe8 13. exd6 cxd6 14. Bd3 f5 15. Bc4 Qf7 16. Rfe1 d5 17. Bb3 g5 18. Qe2 Kg8 19. Bd2 Nf8 20. Ne5 Bxe5
21. dxe5 Nfg6 22. Qe3 Nc8 23. Ne2 f4 24. Qd4 Qc7 25. Nc1 Nce7 26. Nd3 Nf5 27. Qc3 Rc8=
1/2-1/2

[Event "Chigorin Memorial (1800-2200, 30+3)"]
[Site "SchemingMind.com"]
[Date "2008.12.18"]
[Round "-"]
[White "adamsrichg"]
[Black "Zerstörer"]
[Result "0-1"]
[WhiteCountry "USA"]
[BlackCountry "ITA"]
[WhiteElo "1889"]
[WhiteRD "78"]
[BlackElo "2048"]
[BlackRD "84"]
[GameID "184213"]

1. e4 e6 2. d4 d5 3. Nd2 c5 4. exd5 exd5 5. Ngf3 Nc6 6. Bb5 Bd7 7. O-O Nf6 8. Re1+ Be7 9. dxc5 O-O 10. Nb3 Re8
11. Be3 h6 12. Nbd2 Qa5 13. a4 a6 14. Nb3 Qc7 15. Be2 Rad8 16. Nfd4 Nxd4 17. Bxd4 Be6 18. Bd3 Nd7 19. Bc3 Bxc5 20. Nxc5 Nxc5
21. Bf1 Qc6 22. Qd4 f6 23. f3 Nd7 24. a5 Bf7 25. Rad1 Ne5 26. Re3 Nc4 27. Rxe8+ Rxe8 28. Re1 Rxe1 29. Bxe1 Qe8 30. Bc3 Ne5
31. Qb6 Qd7 32. Bd4 Nc6 33. Bd3 Ne5 34. Be2 Qc6 35. c3 Qxb6 36. Bxb6 g5 37. Kf2 Bg6 38. Ke3 Nc6 39. f4 Kf7 40. g4 f5
41. h3 Ke6 42. Bf3 fxg4 43. Bxg4+ Bf5 44. fxg5 hxg5 45. b4 Bxg4 46. hxg4 Ne5 47. Bd8 Nxg4+ 48. Kd4 Nf6 49. c4 dxc4 50. Kxc4 g4
51. b5 g3 52. bxa6 bxa6 53. Bb6 Kd6 54. Kd3 Nd5 55. Bg1 Nf4+
0-1

[Event "Chigorin Memorial (1800-2200, 30+3)"]
[Site "SchemingMind.com"]
[Date "2008.12.21"]
[Round "-"]
[White "riverriver"]
[Black "adamsrichg"]
[Result "0-1"]
[WhiteCountry "USA"]
[BlackCountry "USA"]
[WhiteElo "1830"]
[WhiteRD "68"]
[BlackElo "1914"]
[BlackRD "78"]
[GameID "184215"]

1. d4 Nf6 2. c4 e6 3. Nc3 Bb4 4. e3 b6 5. Ne2 Ba6 6. a3 Bxc3+ 7. Nxc3 d5 8. b3 O-O 9. Be2 dxc4 10. bxc4 Nc6
11. a4 Na5 12. Ba3 Re8 13. Nb5 Qd7 14. O-O c6 15. Nd6 Red8 16. Bb4 Nb7 17. Nxb7 Bxb7 18. Qc2 Qc8 19. Be7 Rd7 20. Bxf6 gxf6
21. a5 c5 22. axb6 axb6 23. d5 exd5 24. Bg4 dxc4 25. Rxa8 Bxa8 26. Qxc4 Qb7 27. Bf3 Qa7 28. Bxa8 Qxa8 29. h3 Qc6 30. Qg4+ Kh8
31. Ra1 Rd8 32. Rd1 Rxd1+ 33. Qxd1 b5 34. Qd8+ Kg7 35. Qd3 c4 36. Qc3 Qc5 37. Qc2 b4 38. g3 c3 39. Kg2 Qd5+ 40. Kh2 Qd2
41. Qb3 c2 42. Kg2 c1=Q
0-1

[Event "Chigorin Memorial (1800-2200, 30+3)"]
[Site "SchemingMind.com"]
[Date "2008.12.19"]
[Round "-"]
[White "Cruyce"]
[Black "adamsrichg"]
[Result "1/2-1/2"]
[WhiteCountry "BEL"]
[BlackCountry "USA"]
[WhiteElo "1996"]
[WhiteRD "77"]
[BlackElo "1927"]
[BlackRD "69"]
[GameID "184216"]

1. d4 Nf6 2. c4 e6 3. g3 Bb4+ 4. Bd2 Qe7 5. Nf3 Nc6 6. Bg2 Bxd2+ 7. Qxd2 Ne4 8. Qc2 Qb4+ 9. Nbd2 Nxd2 10. Qxd2 Qxc4
11. O-O O-O 12. Rfc1 Qd5 13. Rc5 Qd6 14. Rac1 b6 15. Rg5 Bb7 16. Rxg7+ Kxg7 17. Qg5+ Kh8 18. Qf6+=
1/2-1/2

[Event "Chigorin Memorial (1800-2200, 30+3)"]
[Site "SchemingMind.com"]
[Date "2008.12.19"]
[Round "-"]
[White "Zagloba"]
[Black "adamsrichg"]
[Result "1-0"]
[WhiteCountry "POL"]
[BlackCountry "USA"]
[WhiteElo "1932"]
[WhiteRD "85"]
[BlackElo "1927"]
[BlackRD "69"]
[GameID "184217"]

1. d4 Nf6 2. c4 e6 3. Nc3 Bb4 4. e3 b6 5. Ne2 Ba6 6. a3 Bxc3+ 7. Nxc3 Nc6 8. b4 Ne7 9. e4 d6 10. Be3 O-O
11. h4 d5 12. cxd5 Bxf1 13. Kxf1 exd5 14. e5 Ng4 15. Qxg4 Qc8 16. Qxc8 Raxc8 17. g4 c5 18. bxc5 bxc5 19. dxc5 Rfd8 20. Bd4 Nc6
21. Rd1 Nxd4 22. Rxd4 Rxc5 23. Rh3 a5 24. Rhd3
1-0

[Event "Chigorin Memorial (1800-2200, 30+3)"]
[Site "SchemingMind.com"]
[Date "2008.12.18"]
[Round "-"]
[White "Zerstörer"]
[Black "adamsrichg"]
[Result "1-0"]
[WhiteCountry "ITA"]
[BlackCountry "USA"]
[WhiteElo "2018"]
[WhiteRD "88"]
[BlackElo "1907"]
[BlackRD "72"]
[GameID "184218"]

1. e4 c5 2. Nf3 g6 3. d4 cxd4 4. Nxd4 Nc6 5. Nc3 Bg7 6. Be3 Nf6 7. Bc4 O-O 8. Bb3 a5 9. a3 Ng4 10. Qxg4 Nxd4
11. Bxd4 Bxd4 12. Qg3 d6 13. O-O-O Bg7 14. f4 Qc7 15. Nd5 Qd8 16. e5 e6 17. Ne3 d5 18. Nc4 a4 19. Ba2 b5 20. Nd6 Rb8
21. c3 Qc7 22. h4 b4 23. Rd4 bxa3 24. bxa3 Qb6 25. Rb4 Qa7 26. Rxb8 Qxb8 27. Kc2 h5 28. Qe3 f5 29. Rb1 Qc7 30. Qb6 Qe7
31. g3 Rd8 32. Rb5 Bf8 33. Rc5 Bd7 34. Rc7 Qg7 35. c4 Bxd6 36. Qxd6 dxc4 37. Bxc4 Qf8 38. Bxe6+ Bxe6 39. Qxe6+ Kh8 40. Qxg6
1-0

[Event "Chigorin Memorial (1800-2200, 30+3)"]
[Site "SchemingMind.com"]
[Date "2008.12.24"]
[Round "-"]
[White "megapixel"]
[Black "Cruyce"]
[Result "0-1"]
[WhiteCountry "ENG"]
[BlackCountry "BEL"]
[WhiteElo "1749"]
[WhiteRD "65"]
[BlackElo "1996"]
[BlackRD "77"]
[GameID "184351"]

1. Nf3 f5 2. g3 Nf6 3. Bg2 g6 4. O-O Bg7 5. d4 O-O 6. b4 d6 7. Bb2 e5 8. dxe5 Ng4 9. Qd5+ Kh8 10. Rd1 Nc6
11. b5 Ncxe5 12. Nxe5 Nxe5
0-1

[Event "Chigorin Memorial (1800-2200, 30+3)"]
[Site "SchemingMind.com"]
[Date "2008.12.24"]
[Round "-"]
[White "megapixel"]
[Black "adamsrichg"]
[Result "0-1"]
[WhiteCountry "ENG"]
[BlackCountry "USA"]
[WhiteElo "1749"]
[WhiteRD "65"]
[BlackElo "1927"]
[BlackRD "69"]
[GameID "184352"]

1. Nf3 c5 2. c4 g6 3. d4 cxd4 4. Nxd4 Nc6 5. e4 Bg7 6. Nc2 Nf6 7. Nc3 d6 8. Be2 O-O 9. O-O Be6 10. Rb1 Qc7
0-1

[Event "Chigorin Memorial (1800-2200, 30+3)"]
[Site "SchemingMind.com"]
[Date "2008.12.24"]
[Round "-"]
[White "megapixel"]
[Black "Zagloba"]
[Result "0-1"]
[WhiteCountry "ENG"]
[BlackCountry "POL"]
[WhiteElo "1749"]
[WhiteRD "65"]
[BlackElo "1932"]
[BlackRD "85"]
[GameID "184353"]

1. Nf3 f5 2. g3 Nf6 3. Bg2 e6 4. c4 Be7 5. O-O O-O 6. d3 d6 7. Nc3 Qe8 8. b3 e5 9. e3 c6 10. Bb2 Qh5
11. Nd2 Qh6
0-1

[Event "Chigorin Memorial (1800-2200, 30+3)"]
[Site "SchemingMind.com"]
[Date "2008.12.24"]
[Round "-"]
[White "Cruyce"]
[Black "megapixel"]
[Result "1-0"]
[WhiteCountry "BEL"]
[BlackCountry "ENG"]
[WhiteElo "1996"]
[WhiteRD "77"]
[BlackElo "1749"]
[BlackRD "65"]
[GameID "184357"]

1. d4 Nf6 2. c4 g6 3. g3 Bg7 4. Nf3 O-O 5. Bg2 d6 6. O-O Nbd7 7. Nc3 e5 8. e4 a6 9. Re1 exd4 10. Nxd4 Ng4
11. Nc2 Nge5 12. Qe2 Nc5 13. Bd2
1-0

[Event "Chigorin Memorial (1800-2200, 30+3)"]
[Site "SchemingMind.com"]
[Date "2008.12.24"]
[Round "-"]
[White "adamsrichg"]
[Black "megapixel"]
[Result "1-0"]
[WhiteCountry "USA"]
[BlackCountry "ENG"]
[WhiteElo "1927"]
[WhiteRD "69"]
[BlackElo "1749"]
[BlackRD "65"]
[GameID "184358"]

1. e4 c6 2. d4 d5 3. exd5 cxd5 4. Bd3 Nc6 5. c3 Qc7 6. Ne2 Bg4 7. f3 Bd7 8. Bf4 e5 9. dxe5 Nxe5 10. Bc2 Bd6
11. Ba4
1-0

[Event "Chigorin Memorial (1800-2200, 30+3)"]
[Site "SchemingMind.com"]
[Date "2008.12.25"]
[Round "-"]
[White "Dr_Pat"]
[Black "Tschigorin"]
[Result "1-0"]
[WhiteCountry "USA"]
[BlackCountry "GER"]
[WhiteElo "2166"]
[WhiteRD "59"]
[BlackElo "2208"]
[BlackRD "98"]
[GameID "184479"]

1. d4 Nf6 2. c4 d6 3. Nc3 Bf5 4. Nf3 h6 5. g3 Qc8 6. Qb3 Nbd7 7. Bg2 c6 8. O-O e5 9. Be3 Be7 10. Nh4 Bh7
11. Bh3 g5 12. Nf5 Bf8 13. f3 Qc7 14. dxe5 dxe5 15. Rad1 Nc5 16. Qc2 Ne6 17. Ne4 Be7 18. Nfd6+ Kf8 19. Bxe6 fxe6 20. Qc3 Bxe4
21. fxe4 Bxd6 22. Rxf6+ Ke7 23. Rdf1 Raf8 24. c5
1-0